| 000 | 01219nam0a22002771 4500 | ||
|---|---|---|---|
| 001 | rc\2770860 | ||
| 005 | 20250805160813.4 | ||
| 035 | _a(NLR Aleph) 006897239 | ||
| 090 |
_a7209775 _c7209775 |
||
| 100 | _a20110915d1941 |||y0rusy50 ca | ||
| 101 | 0 | _arus | |
| 102 | _aRU | ||
| 105 | _ay j ||||| | ||
| 200 | 1 |
_aМетодическая записка к Учебнику русского языка для IV класса нерусской начальной школы К-ФССР _eУтв. НКП Карело-Фин. ССР _fИн-т усовершенствования учителей К-ФССР |
|
| 205 | _a2-е изд. | ||
| 210 |
_aПетрозаводск _cГосиздат Карело-Фин. ССР _d1941 |
||
| 215 |
_a64 с. _d22 см. |
||
| 700 | 1 |
_aБонч-Осмоловская _bА. Г. _f1890-1980 _gАлександра Георгиевна _3RU\NLR\AUTH\770292979 |
|
| 702 | 1 |
_aБанч-Осмоловская _bА. Г. _gАлександра Григорьевна _4570 |
|
| 801 | 0 |
_aRU _bNLR _gpsbo |
|
| 801 | 1 |
_aRU _bELAR _2rusmarc |
|
| 852 |
_aNLR _jПр20 Г-4/98 |
||
| 942 | _cBOOK | ||
| 945 | _aРоссийская национальная библиотека | ||
| 980 | _aNB | ||
| 980 | _aBV | ||